000 00919cam a2200289 i 4500
001 267
003 CO-MdFUSB
005 20221001113928.0
008 221001t1988 sp ||||| |||| 00| 0 spa d
020 _a84-86067-24-3
040 _bspa.
_aCO-MdFUSB
_cCO-MdFUSB
_dCO-MdFUSBC
_erda
041 _aspa
082 0 4 _aR 296.14
_bP9449 v6
100 1 _aRibera Florit, Josep
_eautor
245 1 0 _aEl Targum de Isaías : La versión aramea del profeta Isaías /
_c/ Josep Rivera Florit
264 1 _aValencia, España :
_bInstitución San Jerónimo,
_c[1988]
264 4 _c© 1988
300 _a277 Páginas
_c;
336 _2rdacontent
_atexto
_btxt
337 _2rdamedia
_asin mediación
_bn
338 _2rdacarrier
_avolumen
_bnc
505 _aTraducción castellana del Targum de isaías -- Fragmentos del Targum Palestinense
653 _aJudaísmo
653 _aIsaías
942 _cBK
945 _aEstudiante
999 _c31804
_d31804